000 01002nam a2200241 i 4500
001 30673
003 ES-MaACL
005 20250401105241.0
007 t|
008 030127s1921 sp ||||1| spa d
100 1 _aBeltrán y Rózpide, Ricardo.
_927381
245 1 0 _aCristobal Colón y Cristóforo Columbo
_b: estudio crítico documental /
_cRicardo Beltrán y Rózpide.
250 _a2ª ed., con nuevas notas y un apéndice.
260 _aMadrid :
_b[s.n.],
_c1921 (
_fImp. del Patronato de Huérfanos de Intendencia e Intervención Militares)
300 _a45 p. ;
_c20 cm.
530 _aDisponible en formato digital.
600 1 4 _aColón, Cristóbal.
_939869
710 2 _aPatronato de Huérfanos de Intendencia e Intervención Militares.
_96172
852 _aES-MaACL
_j1603-F-1
_931818
_cDEPOF
_zRevisado enlace: 01 de Abril de 2025
856 _uhttp://bdh-rd.bne.es/viewer.vm?id=0000077652&page=1
_yBiblioteca Digital Hispánica
942 _2udc
999 _c30673
_d30673